| 000 | 00971nas a2200301 4500 | ||
|---|---|---|---|
| 001 | BR2018002290 | ||
| 003 | BR-BrBNA | ||
| 005 | 20231205131449.0 | ||
| 007 | ta | ||
| 008 | 230509b bl.|||p| |||| 00| 00por d | ||
| 040 |
_aBR-BrBNA _bpor _cBiblioteca Nacional de Agricultura |
||
| 041 | _a(Pt) | ||
| 072 | _aH10; F30 | ||
| 100 | 1 | _aBoiça Junior, A.L. | |
| 100 | 1 | _aSouza, B.H.S. de | |
| 100 | 1 | _aCosta, E.N. | |
| 100 | 1 | _aFerreira, P.S.H. | |
| 245 | 1 | _aPreferência alimentar e desenvolvimento de Cerotoma arcuata (Olivier)(Coleoptera: Chrysomelidae)em soja | |
| 650 | _aSOJA | ||
| 650 | _aVARIEDADE RESISTENTE | ||
| 650 | _aPRAGA DE PLANTA | ||
| 650 | _aVAQUINHA | ||
| 650 | _aDEFESA VEGETAL | ||
| 773 | 0 |
_tPesquisa Agropecuária Tropical (Brazil) _xISSN 1983-4063 _g(Jul-Sep 2014), v. 44(3) p. 238-245 _wBR2018002290 |
|
| 856 | 4 | 0 | _uhttp://www.scielo.br/pdf/pat/v44n3/a13v44n3.pdf |
| 909 |
_a202311 _bLúcia _c55 _dLúcia Elande |
||
| 942 |
_2AGRIS _n0 _cANA |
||
| 999 |
_c254976 _d254976 |
||